LEADER 01016cam0-22003251i-450- 001 990000555860403321 005 20050707161302.0 035 $a000055586 035 $aFED01000055586 035 $a(Aleph)000055586FED01 035 $a000055586 100 $a20020821d1962----km-y0itay50------ba 101 0 $aita 102 $aGB 105 $ay-------101yy 200 1 $aProgramming and utilization of research reactors$eproceedings of a symposium held in Vienna, October 16-21, 1961$fInternational atomic energy agency 210 $aLondon$cAcademic Press$d1962 610 0 $aReattori nucleari 610 0 $aIngegneria nucleare 676 $a621.48 710 02$aInternational Atomic Energy Agency$012873 801 0$aIT$bUNINA$gRICA$2UNIMARC 901 $aBK 912 $a990000555860403321 952 $a05 66 151$b663$fDININ 952 $a05 66 153$b669$fDININ 952 $a05 66 152$b664$fDININ 959 $aDININ 996 $aProgramming and utilization of research reactors$9320408 997 $aUNINA LEADER 01471nas 2200385 n 450 001 990008972590403321 005 20240229084446.0 011 $a0191-6599 035 $a000897259 035 $aFED01000897259 035 $a(Aleph)000897259FED01 035 $a000897259 091 $2CNR$aP 00120884 100 $a20161109a19809999km-y0itaa50------ba 101 0 $aeng 102 $aGB 110 $aauu-------- 200 1 $aHistory of European ideas 207 1$a1980- 210 $aOxford$cPergamon 326 $aTrimestrale 452 0$12001$aHistory of European ideas 530 0 $aHistory of European ideas 675 $a940 676 $a940/.05 801 0$aIT$bACNP$c20090723 859 4 $uhttp://acnp.cib.unibo.it/cgi-ser/start/it/cnr/dc-p1.tcl?catno=67711&person=false&language=ITALIANO&libr=&libr_th=unina1$zBiblioteche che possiedono il periodico 901 $aSE 912 $a990008972590403321 958 $aBRAU. Biblioteca di Ricerca di Area Umanistica$b1980-$c1990-1993;$eGRAN BRETAGNA 78$fFLFBC 959 $aFLFBC 996 $aHistory of European ideas$9796289 997 $aUNINA AP1 8 $6866-01$aNA072 BRAU. Biblioteca di Ricerca di Area Umanistica$bGRAN BRETAGNA 78$ePiazza Bellini 56/60, 80133 Napoli (NA)$m(081) 2533948$nit AP2 40$aacnp.cib.unibo.it$nACNP Italian Union Catalogue of Serials$uhttp://acnp.cib.unibo.it/cgi-ser/start/it/cnr/df-p.tcl?catno=67711&language=ITALIANO&libr=&person=&B=1&libr_th=unina&proposto=NO LEADER 02994nam 2200685Ia 450 001 9910971063103321 005 20260121183409.0 010 $a0-19-975249-4 010 $a1-282-46582-1 010 $a9786612465826 010 $a0-19-970190-3 035 $a(CKB)2520000000006309 035 $a(EBL)480655 035 $a(OCoLC)551728235 035 $a(SSID)ssj0000342468 035 $a(PQKBManifestationID)11270117 035 $a(PQKBTitleCode)TC0000342468 035 $a(PQKBWorkID)10286831 035 $a(PQKB)11566753 035 $a(MiAaPQ)EBC480655 035 $a(Au-PeEL)EBL480655 035 $a(CaPaEBR)ebr10362181 035 $a(CaONFJC)MIL246582 035 $a(FINmELB)ELB165789 035 $a(EXLCZ)992520000000006309 100 $a20090529d2010 uy 0 101 0 $aeng 135 $aur|n|---||||| 181 $ctxt 182 $cc 183 $acr 200 10$aRising road $ea true tale of love, race, and religion in America /$fSharon Davies 205 $a1st ed. 210 $aNew York $cOxford University Press$d2010 215 $a1 online resource (340 p.) 300 $aDescription based upon print version of record. 311 08$a0-19-979445-6 311 08$a0-19-537979-9 320 $aIncludes bibliographical references and index. 327 $aContents; Prologue; ONE: Resistance; TWO: A Parish to Run; THREE: Until Death Do Us Part; FOUR: A City Reacts; FIVE: A Killer Speaks; SIX: The Building of a Defense; SEVEN: The Engines of Justice Turn; EIGHT: Black Robes, White Robes; NINE: Trials and Tribulations; TEN: Shadow Boxing; ELEVEN: A Jury's Verdict; Epilogue; Notes; Acknowledgments; Index 330 $aIt was among the most notorious criminal cases of its day. On August 11, 1921, in Birmingham, Alabama, a Methodist minister named Edwin Stephenson shot and killed a Catholic priest, James Coyle, in broad daylight and in front of numerous witnesses. The killer's motive? The priest had married Stephenson's eighteen-year-old daughter Ruth--who had secretly converted to Catholicism three months earlier--to Pedro Gussman, a Puerto Rican migrant and practicing Catholic. Having all but disappeared from historical memory, the murder of Father Coyle and the trial of Rev. Stephenson that followed are vi 606 $aInterracial marriage$zAlabama$zBirmingham$xHistory$y20th century 606 $aAnti-Catholicism$zAlabama$zBirmingham$xHistory$y20th century 606 $aMurder$zAlabama$zBirmingham$xHistory$y20th century 615 0$aInterracial marriage$xHistory 615 0$aAnti-Catholicism$xHistory 615 0$aMurder$xHistory 676 $a306.84 676 $a306.84/60976178109042 676 $a306.846 676 $a306.8460976 676 $a306.8460976178109042 700 $aDavies$b Sharon L.$f1960-$01888888 801 0$bMiAaPQ 801 1$bMiAaPQ 801 2$bMiAaPQ 906 $aBOOK 912 $a9910971063103321 996 $aRising road$94528715 997 $aUNINA